| 000 | 003790000a22001570004500 | ||
|---|---|---|---|
| 005 | 20120302062617.0 | ||
| 942 | _cBOOK | ||
| 100 | _a MAHARASHTRIYA | ||
| 245 | _a SHRIMAD BHAGVADGITETIL DON NISHTHA | ||
| 260 | _aRATNAGIRI:RAMAKRUSHNA NARAYAN PATANKAR,1945 | ||
| 300 | _a124 P. | ||
| 040 | _aMAR | ||
| 650 | _aHINDU DHARMA | ||
| 650 | _a BHAGVAD GEETA | ||
| 650 | _a SANKIRNA | ||
| 999 |
_c357188 _d357185 |
||